| 000 | 01005cam a22002054a 4500 | ||
|---|---|---|---|
| 005 | 20250605164237.0 | ||
| 008 | 250528s ||||||||||||||||||||||||d | ||
| 035 | _a21196 | ||
| 020 | _a9780273712510 | ||
| 040 |
_aGR-AtMCL _bgre _dGR-AtMCL _eAACR2 |
||
| 245 | 1 | _aInspirational Manager / How to build relationships that deliver results | |
| 250 | _a1st | ||
| 260 |
_bPearson - Prentice Hall, _c2007 |
||
| 300 | _a272 | ||
| 520 | _aForeword, Acknowledgements, It's Got to Be Better Than This, What It Makes to be an Inspiration Manager, The Beliefs of an Inspirational Manager, Keep on Learning, Focusing Your Attention, The Inspirational Manager as Coach, Building Inspirational Teams, The Performance Management Process, Making the Most of Delegation, Managing Your Talent, Holding the Though Conversations, Recruiting the Best, Building Recognition Into Your Day, The Leader in Every Manager, Index. | ||
| 700 | 1 |
_aLeary-Joyce Judith _97223 |
|
| 942 | _cBK | ||
| 999 |
_c6264 _d6264 |
||